000 00282nam a22001337a 4500
020 _a854328580
050 _aQK495
_b.R45
100 _aAzam-Ali S.
245 _aBer and other Jujubes /
260 _aUK
_bDFID
_c2006
300 _aiii,289p.
700 _aBonkoungou S.
942 _cGEN
999 _c1636
_d1636